000 00262nam a2200097Ia 4500
005 20251222175820.0
008 251222s9999||||xx |||||||||||||| ||spa||
082 _aDVD0150/C24/2010
245 0 _aSaint Philip Neri, i prefer heaven:Prefiero el paraĆ­so
942 _cDVD
999 _c40451
_d40451